01392nam a2200289 a 4500001001000000005001700010008004100027041000800068044000800076084002000084100004500104245014300149260002900292300002200321500021100343500017600554500003700730500001000767546002400777650005200801650005600853650003400909650004500943700003900988700002501027740005001052BRCA_325520190320204205.0120309s1821----enka---###---#000-0#eng-# aeng aenk a556b.W59c18211 aCervantes Saavedra, Miguel ded1547-161610aThe Life and Exploits of Don Quixote de la ManchacTranslated from the Original Spanish of Miguel de Cervantes Saavedra by Charles Jarvis. aLondresbW. Wilsonc1821 a4 v.bil.c17 cm. aContenido : v.1. Primera parte. Prefacio del traductor. Vida de Cervantes extractada de la escrita por Mayáns. Prólogo del autor. -- v.2. Texto. -- v.3. Segunda parte. Prólogo del autor. -- v.4. Texto aEdición económica de la traducción de Jarvis. Va adornada con 4 láminas grabadas por Wainwright. Piel; Planos orlados, lomos decorados con dorados Lúdovik Osterc aCon ex-libris de : Daniel Fisher aQM444 aTexto en : inglés14aNovela españolayÉpoca clásica, 1500-170014aLiteratura españolayÉpoca clásica, 1500-170014aNovela españolaySiglo XVII14aDon Quijote (Personaje ficticio)eNovela1 aJarvis, Charlesd?-1739eTraductor1 aWainwrighteGrabador0 aEl Ingenioso Hidalgo Don Quijote de la Mancha